header

Drawing with great needles : (Record no. 126925)

MARC details
000 -LEADER
fixed length control field 01772nam a22003971i 4500
001 - CONTROL NUMBER
control field ebr10768929
003 - CONTROL NUMBER IDENTIFIER
control field CaPaEBR
006 - FIXED-LENGTH DATA ELEMENTS--ADDITIONAL MATERIAL CHARACTERISTICS--GENERAL INFORMATION
fixed length control field m o d
007 - PHYSICAL DESCRIPTION FIXED FIELD--GENERAL INFORMATION
fixed length control field cr cn|||||||||
008 - FIXED-LENGTH DATA ELEMENTS--GENERAL INFORMATION
fixed length control field 130314s2013 txua ob 001 0 eng d
020 ## - INTERNATIONAL STANDARD BOOK NUMBER
International Standard Book Number 9780292749139 (e-book)
Cancelled/invalid ISBN 9780292749122 (cloth : alk. paper)
040 ## - CATALOGING SOURCE
Original cataloging agency CaPaEBR
Language of cataloging eng
Description conventions rda
-- pn
Transcribing agency CaPaEBR
035 ## - SYSTEM CONTROL NUMBER
System control number (OCoLC)859154939
043 ## - GEOGRAPHIC AREA CODE
Geographic area code n------
050 14 - LIBRARY OF CONGRESS CALL NUMBER
Classification number GT2346.N6
Item number D73 2013eb
082 04 - DEWEY DECIMAL CLASSIFICATION NUMBER
Classification number 391.6/5
Edition number 23
245 00 - TITLE STATEMENT
Title Drawing with great needles :
Remainder of title ancient tattoo traditions of North America /
Statement of responsibility, etc edited by Aaron Deter-Wolf and Carol Diaz-Granados.
264 #1 - PRODUCTION, PUBLICATION, DISTRIBUTION, MANUFACTURE, AND COPYRIGHT NOTICE
Place of production, publication, distribution, manufacture Austin :
Name of producer, publisher, distributor, manufacturer University of Texas Press,
Date of production, publication, distribution, manufacture, or copyright notice 2013.
300 ## - PHYSICAL DESCRIPTION
Extent 1 online resource (312 pages) :
Other physical details illustrations
336 ## - CONTENT TYPE
Content type term text
Source rdacontent
337 ## - MEDIA TYPE
Media type term computer
Source rdamedia
338 ## - CARRIER TYPE
Carrier type term online resource
Source rdacarrier
504 ## - BIBLIOGRAPHY, ETC. NOTE
Bibliography, etc Includes bibliographical references and index.
588 ## - SOURCE OF DESCRIPTION NOTE
Source of description note Description based on print version record.
590 ## - LOCAL NOTE (RLIN)
Local note Electronic reproduction. Palo Alto, Calif. : ebrary, 2013. Available via World Wide Web. Access may be limited to ebrary affiliated libraries.
650 #0 - SUBJECT ADDED ENTRY--TOPICAL TERM
Topical term or geographic name as entry element Indian art
Geographic subdivision North America.
Topical term or geographic name as entry element Indians of North America
General subdivision Social life and customs.
Topical term or geographic name as entry element Tattooing
Geographic subdivision North America
General subdivision History.
655 #0 - INDEX TERM--GENRE/FORM
Genre/form data or focus term Electronic books.
700 1# - ADDED ENTRY--PERSONAL NAME
Personal name Deter-Wolf, Aaron,
Dates associated with a name 1976-
Personal name Diaz-Granados, Carol,
Dates associated with a name 1943-
776 08 - ADDITIONAL PHYSICAL FORM ENTRY
Display text Print version:
Title Drawing with great needles : ancient tattoo traditions of North America.
Place, publisher, and date of publication Austin : University of Texas Press, 2013
Physical description xv, 293 pages
International Standard Book Number 9780292749122
Record control number (DLC) 2013002835
797 2# - LOCAL ADDED ENTRY--CORPORATE NAME (RLIN)
Corporate name or jurisdiction name as entry element ebrary.
856 40 - ELECTRONIC LOCATION AND ACCESS
Uniform Resource Identifier <a href="http://site.ebrary.com/lib/rucke/Doc?id=10768929">http://site.ebrary.com/lib/rucke/Doc?id=10768929</a>
Public note An electronic book accessible through the World Wide Web; click to view

No items available.

© 2026 Rongo University
Contact us: librarian | system librarian | Rongo university